La zancadilla / (Record no. 174014)

MARC details
000 -LEADER
campo de control de longitud fija 00772namaa22001811 4500
001 - NÚMERO DE CONTROL
campo de control 174014
003 - IDENTIFICADOR DE NÚMERO DE CONTROL
campo de control ES-MaACL
005 - FECHA Y HORA DE LA ÚLTIMA TRANSACCIÓN
campo de control 20230906215420.0
008 - DATOS DE LONGITUD FIJA--INFORMACIÓN GENERAL
campo de control de longitud fija 100205s1907 sp r |||| | spa d
100 1# - ENTRADA PRINCIPAL--NOMBRE DE PERSONA
Nombre de persona Álvarez Quintero, Serafín,
Fechas asociadas al nombre 1871-1938
9 (RLIN) 226443
245 13 - MENCIÓN DEL TÍTULO
Título La zancadilla /
Mención de responsabilidad, etc. entremés de Serafín y Joaquín Álvarez Quintero.
260 ## - PUBLICACIÓN, DISTRIBUCIÓN, ETC.
Lugar de publicación, distribución, etc. Madrid :
Nombre del editor, distribuidor, etc. Sociedad de Autores Españoles,
Fecha de publicación, distribución, etc. 1907 (
Fabricante R. Velasco)
300 ## - DESCRIPCIÓN FÍSICA
Extensión 16 p., 2 h. ;
Dimensiones 20 cm.
500 ## - NOTA GENERAL
Nota general En port.: Estrenado en el teatro Español el 23 de marzo de 1907.
700 1# - ENTRADA AGREGADA--NOMBRE PERSONAL
Nombre de persona Álvarez Quintero, Serafín,
Fechas asociadas al nombre 1871-1938
9 (RLIN) 226443
852 ## - LOCALIZACIÓN
Ubicación ES-MaACL
Número de control de estantería F-8644(9)
Nota libre .- Enc. hol.
-- .- Enc. en un vol. facticio formando parte de la col. facticia "Teatro español moderno" v. 101
Holdings
Estatus retirado Estado de pérdida Estado de daño No para préstamo Biblioteca de origen Biblioteca actual Ubicación en estantería Fecha de adquisición Fuente de adquisición Total de préstamos Signatura topográfica completa Código de barras Visto por última vez Precio de reemplazo Tipo de ítem Koha
        Biblioteca del Ateneo de Madrid Biblioteca del Ateneo de Madrid Sala Pecera Planta 2 05/02/2010     F-8644(9) 1182662 23/02/2023 23/02/2023 Libro impreso